Quiz o Janowie Podlaskim - Statystyki

Ogólne statystyki
  • Ten quiz został rozwiązany 4 razy
  • Średni wynik to 4 z 10
Statystyki odpowiedzi
Pytanie Odpowiedź % Poprawnych
Jakie są tablice rejestracyjne w Janowie Podlaskim? LBI
100%
W jakim powiecie leży Janów Podlaski? Powiat {bialski}
100%
W jakim roku otrzymał prawa miejskie? 1465 / 1919 / 1944 / 2026
67%
A w którym roku została założona ta hodowla? 1817
33%
Janów słynie z hodowli jakich zwierząt? Hodowla {koni czystej krwi arabskiej}
33%
Kto jest burmistrzem Janowa Podlaskiego? Karol Michałowski
33%
W latach 1867-1932, Janów Podlaski był siedzibą jakiego powiatu? Powiat {konstantynowski}
33%
Co przedstawia herb Janowa Podlaskiego w centrum? Złoty {kielich}
33%
Jaka droga wojewódzka przebiega przez Janów Podlaski? Droga wojewódzka nr {698}
0%
Jak nazywa się klub z Janowa Podlaskiego? {Janowia} Janów Podlaski
0%
Nie znaleziono quizów pasujących do podanych kryteriów
Rozkład punktacji
Procent ludzi z każdym wynikiem
Percentyl według liczby udzielonych odpowiedzi
Twoja historia wyników
Nie rozwiązałeś tego quizu